Adalékok a "Svéd modell" megismeréséhez

Elmentve itt :
Bibliográfiai részletek
Szerző: MAGYARI VINCZE Enikő
Adatforrás:Meister
Forrásdokumentuma:Művelődés. -
4 sz., 1991, 25-26 p.
Nyelv:magyar
Kulcsszavak:politológia
politikatörténet
svédek
nemzet
LEADER 00433nab a2200157 i 4500
001 bibPRO00002815
008 060524s1991 xx hun
040 |a Sz1 
041 |a hun 
100 1 |a MAGYARI VINCZE Enikő 
245 1 0 |a Adalékok a "Svéd modell" megismeréséhez  |c MAGYARI VINCZE Enikő 
695 |a politológia 
695 |a politikatörténet 
695 |a svédek 
695 |a nemzet 
773 0 |t Művelődés. -  |g 4 sz., 1991, 25-26 p.